000
00318nam a2200145Ia 4500
100
_a
Rashid/M.H
942
_c
BK
366
_f
15
654
_a
spice
245
_a
Spice for circuits and electronics using pspice
260
_b
Prentice -Hall
_c
2002
082
_a
621.3815
_b
RAS
300
_a
364
546
_a
ENGLISH
999
_c
27815
_d
27815